| 000 | 01091cam a22003137a 4500 | ||
|---|---|---|---|
| 003 | CHAP | ||
| 005 | 20220329140355.0 | ||
| 008 | 971013s1984 r 00010 d | ||
| 010 | _a51067 | ||
| 011 | _a52039 | ||
| 035 | _a56189 | ||
| 040 | _cCHAP | ||
| 090 | _aTesis | ||
| 100 | 0 | 0 |
_aRodríguez Reyes, José Guadalupe. _998832 |
| 245 | 1 | 3 | _aEl sistema de producción de maíz en le municipio de Montemorelos, Nuevo León (estudio agronómico preliminar) |
| 260 |
_aMarín, N. L. : _bEl autor, _c1984 |
||
| 300 |
_a140 h. _b: ilus. |
||
| 502 | _aTesis (Ing. Agr. Fitotecnista) -- Universidad Autónoma de Nuevo León. Facultad de Agronomía | ||
| 590 |
_aALEPH _b10 _c20130110 _lUCH01 _h1326 |
||
| 590 |
_aBATCH-UPD _b10 _c20130110 _lUCH01 _h0146 |
||
| 590 |
_aBATCH-UPD _b10 _c20130409 _lUCH01 _h2145 |
||
| 590 |
_aBATCH-UPD _b10 _c20130913 _lUCH01 _h2113 |
||
| 590 |
_aCONVERSION _b10 _c20130109 _lUCH01 _h1328 |
||
| 650 | 1 | 4 |
_aAgricultura _xNuevo León. _91755 |
| 650 | 1 | 4 |
_aMaíz _xNuevo León. _971029 |
| 901 | _aBK | ||
| 942 | _cTESIS | ||
| 949 |
_bBC _cTES _d-122866 _eTS1 _h19059 _i56189 _si |
||
| 999 |
_c51067 _d51067 |
||